[Event "Rated Blitz game"]
[Site "?"]
[Date "2021.02.14"]
[Round "?"]
[White "may6enexttime"]
[Black "Fantastic_power06"]
[Result "1-0"]
[WhiteElo "2828"]
[BlackElo "2681"]
[PlyCount "39"]
[EventDate "2021.??.??"]
[EventType "blitz"]

1. e4 e5 2. Nf3 d5 3. d3 Nf6 4. Nbd2 Nc6 5. Be2 g6 6. O-O Bg7 7. c3 O-O 8. Qc2
a5 9. a4 Nh5 10. Re1 f5 11. exd5 Ne7 12. Nxe5 Bxe5 13. Bxh5 Qxd5 14. Bf3 Qd6
15. Nc4 Bxh2+ 16. Kh1 Qf6 17. Kxh2 Qh4+ 18. Kg1 g5 19. g3 Qh6 20. Rxe7 {Normal}
1-0

[Event "Rated Blitz game"]
[Site "?"]
[Date "2021.02.14"]
[Round "?"]
[White "deathboy07"]
[Black "serbaryedek"]
[Result "1-0"]
[WhiteElo "2464"]
[BlackElo "2404"]
[PlyCount "47"]
[EventDate "2021.??.??"]
[EventType "blitz"]

1. e4 e5 2. Nf3 d5 3. exd5 e4 4. Qe2 Nf6 5. Nc3 Be7 6. Nxe4 O-O 7. Nxf6+ Bxf6
8. Qc4 Re8+ 9. Be2 b5 10. Qd3 c6 11. O-O cxd5 12. Re1 Bg4 13. Bf1 Bxf3 14.
Rxe8+ Qxe8 15. Qxf3 Nd7 16. g3 Ne5 17. Qxd5 Rd8 18. Qe4 Rd4 19. Qe3 Qd7 20. d3
Ng4 21. Qe2 h5 22. Bd2 h4 23. Bc3 hxg3 24. hxg3 {Normal} 1-0

[Event "Rated Blitz game"]
[Site "?"]
[Date "2021.02.14"]
[Round "?"]
[White "Stoichess"]
[Black "Fantastic_power06"]
[Result "0-1"]
[WhiteElo "2551"]
[BlackElo "2669"]
[PlyCount "98"]
[EventDate "2021.??.??"]
[EventType "blitz"]

1. e4 e5 2. Nf3 d5 3. exd5 e4 4. Qe2 Nf6 5. d3 Qxd5 6. Nc3 Bb4 7. Bd2 Bxc3 8.
Bxc3 O-O 9. dxe4 Nxe4 10. Qc4 Nxc3 11. Qxc3 Re8+ 12. Be2 Nc6 13. Kf1 Bg4 14. h3
Bh5 15. Rd1 Qe6 16. Bc4 Qh6 17. Kg1 Qf4 18. g4 Bg6 19. Kg2 Be4 20. Bd5 Rad8 21.
Bxe4 Qxe4 22. Rxd8 Rxd8 23. Re1 Qd5 24. b3 h6 25. Re3 Rd6 26. Re8+ Kh7 27. Qe3
Rf6 28. Qe4+ Qxe4 29. Rxe4 Rd6 30. Re8 Rd8 31. Rxd8 Nxd8 32. Kg3 Kg8 33. Kf4
Kf8 34. Ke5 Ke7 35. Nd4 Kd7 36. Nf5 Ne6 37. f4 a5 38. a4 b6 39. h4 f6+ 40. Ke4
Nc5+ 41. Ke3 Ne6 42. h5 c6 43. Ke4 Nc5+ 44. Ke3 Ne6 45. Ke4 b5 46. Ke3 Ke8 47.
c4 bxa4 48. bxa4 Kf8 49. Nd6 Nc5 {Time forfeit} 0-1

[Event "Rated Blitz game"]
[Site "?"]
[Date "2021.02.14"]
[Round "?"]
[White "Sulfaremus"]
[Black "batasjon"]
[Result "1-0"]
[WhiteElo "2420"]
[BlackElo "2334"]
[PlyCount "83"]
[EventDate "2021.??.??"]
[EventType "blitz"]

1. e4 e5 2. Nf3 d5 3. exd5 e4 4. Ne5 Qxd5 5. d4 exd3 6. Nxd3 Nf6 7. Nc3 Qf5 8.
Be2 Bd6 9. Be3 O-O 10. Qd2 Nc6 11. O-O-O Qa5 12. Kb1 Be6 13. Nc1 Rad8 14. Nb3
Bxb3 15. cxb3 Nb4 16. a3 Qf5+ 17. Bd3 Nxd3 18. Qxd3 Qg4 19. h3 Qe6 20. Qc2 Be5
21. Rhe1 Qc6 22. f3 Bd6 23. Bd4 Bg3 24. Rf1 Rfe8 25. Bxf6 Qxf6 26. Ne4 Qf4 27.
Rxd8 Rxd8 28. Rc1 c6 29. b4 g6 30. Rd1 Rxd1+ 31. Qxd1 Qc7 32. Qd4 Be5 33. Qxa7
f5 34. Nc5 Qd6 35. Qa8+ Kg7 36. Qxb7+ Kh6 37. Qd7 Qf6 38. Qd2+ Kg7 39. Nd7 Qe6
40. Nxe5 Qxe5 41. Qc3 Qxc3 42. bxc3 {Normal} 1-0

[Event "Rated Blitz game"]
[Site "?"]
[Date "2021.02.14"]
[Round "?"]
[White "tapkus"]
[Black "BigTy"]
[Result "1-0"]
[WhiteElo "2518"]
[BlackElo "2283"]
[PlyCount "59"]
[EventDate "2021.??.??"]
[EventType "blitz"]

1. e4 e5 2. Nf3 d5 3. exd5 Bd6 4. Bb5+ c6 5. dxc6 Nxc6 6. O-O Nf6 7. d4 e4 8.
Ne5 Qc7 9. Bf4 O-O 10. Bxc6 bxc6 11. Nc3 Nd5 12. Nxd5 cxd5 13. Bg3 f5 14. Bf4
Ba6 15. Re1 Rab8 16. Rb1 Rfc8 17. c3 Qe7 18. Qd2 Rb6 19. Nf3 Bxf4 20. Qxf4 Qf6
21. Ne5 Rb7 22. h4 Kh8 23. Re3 Rg8 24. Rg3 g6 25. f3 Rbg7 26. fxe4 dxe4 27. c4
g5 28. hxg5 Rxg5 29. Rxg5 Rxg5 30. Qxg5 {Normal} 1-0

[Event "Rated Blitz game"]
[Site "?"]
[Date "2021.02.14"]
[Round "?"]
[White "elchechereche"]
[Black "Jomajo"]
[Result "0-1"]
[WhiteElo "2492"]
[BlackElo "2578"]
[PlyCount "52"]
[EventDate "2021.??.??"]
[EventType "blitz"]

1. e4 e5 2. Nf3 d5 3. exd5 e4 4. Ne5 Qxd5 5. d4 exd3 6. Nxd3 Nf6 7. Nc3 Qa5 8.
Bd2 Nc6 9. Be2 Bd6 10. O-O O-O 11. Ne4 Qd5 12. Nxd6 cxd6 13. Nf4 Qe5 14. Re1
Qxb2 15. Rb1 Qxa2 16. Bc3 Ne4 17. Ba1 Qa5 18. Bd3 Nc5 19. Rb5 Qd8 20. Bxh7+
Kxh7 21. Qh5+ Kg8 22. Re3 f6 23. Qd5+ Rf7 24. Ng6 Ne5 25. Bxe5 fxe5 26. Rxc5
Qf6 {Time forfeit} 0-1

[Event "Rated Blitz game"]
[Site "?"]
[Date "2021.02.14"]
[Round "?"]
[White "damoma"]
[Black "Schachelite"]
[Result "1-0"]
[WhiteElo "2443"]
[BlackElo "2358"]
[PlyCount "95"]
[EventDate "2021.??.??"]
[EventType "blitz"]

1. e4 e5 2. Nf3 d5 3. exd5 e4 4. Qe2 Nf6 5. Nc3 Be7 6. Nxe4 O-O 7. d3 Re8 8.
Qd1 Qxd5 9. Nxf6+ Bxf6+ 10. Be2 c5 11. O-O Nc6 12. Re1 b6 13. c3 Bf5 14. Be3
Rad8 15. Qa4 Qd7 16. Rad1 Nd4 17. Qxd7 Nxe2+ 18. Rxe2 Rxd7 19. Red2 Red8 20. d4
cxd4 21. Bxd4 Be7 22. Be3 Rxd2 23. Rxd2 Rxd2 24. Nxd2 f6 25. f3 Kf7 26. Kf2 Be6
27. Bd4 Bxa2 28. b3 f5 29. Ke3 Bg5+ 30. f4 Bd8 31. Kd3 a5 32. Kc2 a4 33. bxa4
Bd5 34. Nf3 Bxf3 35. gxf3 g6 36. Kd3 Ke6 37. Kc4 Bc7 38. Kb5 Bxf4 39. h3 g5 40.
Kxb6 Kd7 41. Kb7 Bc7 42. Bb6 Bxb6 43. Kxb6 Kc8 44. Kc5 h5 45. Kd4 g4 46. fxg4
fxg4 47. hxg4 h4 48. Ke3 {Normal} 1-0

[Event "Rated Blitz game"]
[Site "?"]
[Date "2021.02.14"]
[Round "?"]
[White "VolcanoExplorer"]
[Black "Jomajo"]
[Result "1-0"]
[WhiteElo "2590"]
[BlackElo "2591"]
[PlyCount "119"]
[EventDate "2021.??.??"]
[EventType "blitz"]

1. e4 e5 2. Nf3 d5 3. exd5 e4 4. Qe2 Qe7 5. Nd4 Nf6 6. Nc3 Qe5 7. Nf3 Qe7 8.
Ng5 Bg4 9. Qe3 Bf5 10. Bb5+ c6 11. dxc6 Nxc6 12. O-O h6 13. Nh3 g5 14. Re1
O-O-O 15. Bxc6 bxc6 16. d3 Ng4 17. Qg3 Bg7 18. dxe4 Be6 19. Be3 Be5 20. f4 gxf4
21. Bxf4 Bd4+ 22. Kh1 Rhg8 23. Qf3 Ne5 24. Bxe5 Bxe5 25. Nf4 Bg4 26. Qf2 Qc7
27. Rf1 h5 28. Rae1 Rd6 29. Nce2 Rf6 30. Qe3 Bxe2 31. Nxe2 Rxf1+ 32. Rxf1 Bxh2
33. Qh3+ Kb7 34. Qxh2 Qd7 35. Qf4 Rg7 36. e5 Qd5 37. Rf2 h4 38. Ng1 Kb6 39. Nf3
h3 40. Qd4+ Qxd4 41. Nxd4 hxg2+ 42. Rxg2 Rh7+ 43. Kg1 Rh4 44. Nf3 Rf4 45. Kf2
Re4 46. Rg3 Rc4 47. Rg7 Rxc2+ 48. Kg3 Rxb2 49. Rxf7 Rxa2 50. e6 Ra5 51. e7 Re5
52. Nxe5 Kc5 53. e8=Q Kd6 54. Qxc6+ Kxe5 55. Rd7 Kf5 56. Rd5+ Ke4 57. Qc4+ Ke3
58. Rd3+ Ke2 59. Qc2+ Ke1 60. Rd1# {Normal} 1-0

[Event "Rated Blitz game"]
[Site "?"]
[Date "2021.02.14"]
[Round "?"]
[White "anpramon"]
[Black "SEA0307"]
[Result "0-1"]
[WhiteElo "2306"]
[BlackElo "2406"]
[PlyCount "64"]
[EventDate "2021.??.??"]
[EventType "blitz"]

1. e4 e5 2. Nf3 d5 3. d4 dxe4 4. Nxe5 Nf6 5. Bc4 Be6 6. Bxe6 fxe6 7. O-O Bd6 8.
Bg5 O-O 9. Nc3 Nbd7 10. Nxe4 Nxe5 11. Bxf6 gxf6 12. dxe5 Bxe5 13. Qg4+ Kh8 14.
Qxe6 Qe8 15. Qf5 Bxb2 16. Rab1 Bd4 17. Rxb7 Bb6 18. Nd6 Qc6 19. Rd1 Bc5 20. Ne4
Qxb7 21. Nxc5 Qc6 22. Rd7 Qxd7 23. Nxd7 Rf7 24. Ne5 Rff8 25. Ng4 Rad8 26. h4
Rd6 27. h5 c6 28. h6 a6 29. Kh2 a5 30. Ne5 Rd5 31. Ng6+ hxg6 32. Qxg6 Rd7 {
Time forfeit} 0-1

[Event "Rated Blitz game"]
[Site "?"]
[Date "2021.02.14"]
[Round "?"]
[White "rakif666"]
[Black "batasjon"]
[Result "1-0"]
[WhiteElo "2430"]
[BlackElo "2329"]
[PlyCount "83"]
[EventDate "2021.??.??"]
[EventType "blitz"]

1. e4 e5 2. Nf3 d5 3. exd5 e4 4. Ne5 Qxd5 5. d4 exd3 6. Nxd3 Nf6 7. Nc3 Qf5 8.
Be3 Bd6 9. Be2 O-O 10. Qd2 Nc6 11. h3 Be6 12. g4 Qa5 13. f4 Rad8 14. f5 Bg3+
15. Kf1 Bc4 16. g5 Nd5 17. Rg1 Bd6 18. f6 Rfe8 19. Bf2 Ne5 20. Nxe5 Bxe2+ 21.
Qxe2 Rxe5 22. Qd3 Nxc3 23. Qxc3 Qb5+ 24. Qd3 Qxb2 25. Rd1 Rde8 26. Bd4 Qb4 27.
Bxe5 Rxe5 28. Rg2 Qf4+ 29. Kg1 Rxg5 30. Rxg5 Qxg5+ 31. Kh1 Qxf6 32. Qe4 g6 33.
Rg1 Qf2 34. Rg2 Qf1+ 35. Rg1 Qf2 36. Qg2 Qf4 37. Rf1 Qe5 38. Qf2 Kg7 39. Qxf7+
Kh6 40. Qf2 Kg7 41. Re1 h5 42. Rxe5 {Normal} 1-0

[Event "Rated Rapid game"]
[Site "?"]
[Date "2021.02.14"]
[Round "?"]
[White "mac0504"]
[Black "BigTy"]
[Result "1-0"]
[WhiteElo "2514"]
[BlackElo "2367"]
[PlyCount "95"]
[EventDate "2021.??.??"]
[EventType "rapid"]

1. e4 e5 2. Nf3 d5 3. Nxe5 Bd6 4. d4 dxe4 5. Bc4 Bxe5 6. Qh5 Qe7 7. Qxe5 Qxe5
8. dxe5 Nc6 9. Nc3 Nxe5 10. Bb3 Nf6 11. Bf4 Nc6 12. Bxc7 O-O 13. O-O-O Bg4 14.
Rd2 Rac8 15. Bf4 Rfd8 16. Re1 Bf5 17. h3 h6 18. g4 Bg6 19. Red1 a6 20. Rxd8+
Rxd8 21. Rxd8+ Nxd8 22. Kd2 Ne6 23. Ke3 Kf8 24. Nd5 Nd7 25. Bd6+ Ke8 26. Nf4
Nxf4 27. Kxf4 b5 28. h4 Nb6 29. g5 hxg5+ 30. hxg5 Kd7 31. Bc5 Nc4 32. Bd4 Kd6
33. a4 Nd2 34. Ba2 bxa4 35. Bxg7 Kc5 36. Ke5 Nc4+ 37. Kf6 Nxb2 38. Bxf7 Bxf7
39. Kxf7 a3 40. g6 Nc4 41. Bf8+ Kd5 42. Bxa3 Ne5+ 43. Kf6 Nxg6 44. Kxg6 Kc4 45.
Kf5 Kc3 46. Kxe4 Kxc2 47. f4 Kb3 48. f5 {Time forfeit} 1-0

[Event "Rated Blitz tournament Z7XOEX3i"]
[Site "?"]
[Date "2021.02.14"]
[Round "?"]
[White "Fortune2004"]
[Black "Physiotherapist"]
[Result "0-1"]
[WhiteElo "2408"]
[BlackElo "2324"]
[PlyCount "72"]
[EventDate "2021.??.??"]
[EventType "blitz"]

1. e4 e5 2. Nf3 d5 3. exd5 e4 4. Qe2 Nf6 5. d3 Qxd5 6. dxe4 Qxe4 7. Nc3 Qxe2+
8. Bxe2 Bb4 9. Bd2 O-O 10. O-O-O c6 11. a3 Bc5 12. Be3 Bxe3+ 13. fxe3 Re8 14.
e4 Bg4 15. h3 Bh5 16. g4 Bg6 17. e5 Ne4 18. Nxe4 Bxe4 19. Rhf1 Na6 20. Ng5 Bg6
21. Bc4 Re7 22. e6 fxe6 23. Nxe6 Kh8 24. Nd8 h6 25. Rf8+ Kh7 26. Bg8+ Kh8 27.
Rd6 Re8 28. Rxe8 Bxe8 29. Bf7 Bxf7 30. Nxf7+ Kg8 31. Ne5 Re8 32. Nd3 Re7 33. h4
Nc7 34. g5 hxg5 35. hxg5 Nb5 36. g6 Nxd6 {Normal} 0-1

[Event "Rated Blitz game"]
[Site "?"]
[Date "2021.02.14"]
[Round "?"]
[White "tEp-tEst"]
[Black "DarthZannah"]
[Result "0-1"]
[WhiteElo "2388"]
[BlackElo "2473"]
[PlyCount "80"]
[EventDate "2021.??.??"]
[EventType "blitz"]

1. e4 e5 2. Nf3 d5 3. d4 dxe4 4. Nxe5 Nd7 5. f4 Nh6 6. Be2 Nf5 7. O-O Nxd4 8.
Kh1 Bc5 9. c3 Nxe2 10. Qxe2 Nxe5 11. Qxe4 O-O 12. fxe5 Be6 13. Bf4 Bd5 14. Qe2
a5 15. Nd2 Qe7 16. Ne4 Bb6 17. Rae1 Kh8 18. Qh5 Qe6 19. Bg3 Qg6 20. Qxg6 hxg6
21. a3 a4 22. Ng5 Kg8 23. h3 Rad8 24. Ne4 Rfe8 25. Bf4 Bc4 26. Rf2 Bxf2 27.
Nxf2 f6 28. Ng4 Kf7 29. Re3 Rd2 30. Kh2 Rxb2 31. Rf3 Bd5 32. Rg3 Bc6 33. exf6
gxf6 34. Nh6+ Kg7 35. Nf5+ Kh7 36. Nd4 Bd5 37. Rg4 c5 38. Rh4+ Kg8 39. Rh6 cxd4
40. cxd4 g5 {Time forfeit} 0-1

[Event "Rated Blitz game"]
[Site "?"]
[Date "2021.02.14"]
[Round "?"]
[White "elchechereche"]
[Black "Jomajo"]
[Result "0-1"]
[WhiteElo "2474"]
[BlackElo "2598"]
[PlyCount "98"]
[EventDate "2021.??.??"]
[EventType "blitz"]

1. e4 e5 2. Nf3 d5 3. d4 dxe4 4. Nxe5 Bd6 5. Nc4 Nf6 6. Nc3 h6 7. Nxd6+ Qxd6 8.
Be2 Nc6 9. Be3 Ne7 10. O-O Ned5 11. Nxd5 Nxd5 12. c4 Nxe3 13. fxe3 O-O 14. a3
f5 15. b4 Bd7 16. d5 Qe5 17. Qd4 Qxd4 18. exd4 f4 19. c5 g5 20. Bc4 Kg7 21. b5
Bg4 22. h3 Bh5 23. a4 e3 24. Rfe1 Rfd8 25. a5 Bf7 26. a6 b6 27. Rec1 Bxd5 28.
cxb6 cxb6 29. Bxd5 Rxd5 30. Rc7+ Kf6 31. Rc6+ Kf5 32. Rb1 Rxd4 33. Rxh6 Rad8
34. h4 g4 35. Rh5+ Ke4 36. Rg5 g3 37. Rf1 Rd1 38. Rg7 Rxf1+ 39. Kxf1 Rd1+ 40.
Ke2 Rd2+ 41. Kf1 Rf2+ 42. Ke1 Rxg2 43. Rxa7 Kf3 44. Kd1 e2+ 45. Kd2 Rg1 46. Re7
Rd1+ 47. Kc2 e1=Q 48. Rxe1 Rxe1 49. Kb2 g2 {Normal} 0-1

[Event "Rated Blitz tournament ZlEYXqZ7"]
[Site "?"]
[Date "2021.02.14"]
[Round "?"]
[White "ANIMAL1984"]
[Black "Schachelite"]
[Result "1-0"]
[WhiteElo "2495"]
[BlackElo "2345"]
[PlyCount "87"]
[EventDate "2021.??.??"]
[EventType "blitz"]

1. e4 e5 2. Nf3 d5 3. Nxe5 Bd6 4. d4 dxe4 5. Nc4 Nf6 6. Nc3 O-O 7. h3 Nc6 8.
Nxd6 Qxd6 9. Be3 Rd8 10. d5 Nxd5 11. Nxd5 Qxd5 12. Qxd5 Rxd5 13. c3 Be6 14. Bc4
Rd6 15. Bxe6 Rxe6 16. O-O-O Rd8 17. Rxd8+ Nxd8 18. Rd1 Rd6 19. Rxd6 cxd6 20.
Bxa7 Kf8 21. Bb6 Nc6 22. b3 Ke7 23. Kd2 d5 24. a4 f5 25. g3 Ke6 26. b4 Ne5 27.
Bd4 Nf3+ 28. Ke3 g5 29. b5 h5 30. a5 Kd6 31. a6 bxa6 32. bxa6 Kc6 33. a7 Kb7
34. Bc5 Ka8 35. h4 f4+ 36. gxf4 gxh4 37. f5 h3 38. Bd6 Kxa7 39. f6 Ng5 40. Kd4
Nf7 41. Bf4 Kb6 42. Kxd5 Kb5 43. c4+ Kb4 44. c5 {Normal} 1-0

[Event "Rated Blitz game"]
[Site "?"]
[Date "2021.02.14"]
[Round "?"]
[White "elchechereche"]
[Black "Jomajo"]
[Result "0-1"]
[WhiteElo "2477"]
[BlackElo "2594"]
[PlyCount "104"]
[EventDate "2021.??.??"]
[EventType "blitz"]

1. e4 e5 2. Nf3 d5 3. exd5 e4 4. Ne5 Qxd5 5. d4 exd3 6. Nxd3 Nf6 7. Nc3 Qf5 8.
Be2 Nc6 9. Be3 Bd6 10. Qd2 O-O 11. O-O-O Be6 12. h3 Qa5 13. g4 b5 14. Bf3 Nb4
15. Nxb4 Bxb4 16. Bxa8 Rxa8 17. Bd4 Bxa2 18. Bxf6 gxf6 19. g5 f5 20. Qe3 Be6
21. Nb1 Qa1 22. c3 Bd6 23. h4 b4 24. g6 hxg6 25. h5 Ba2 26. Kc2 b3+ 27. Kd2
Qxb2+ 28. Ke1 f4 29. Qe4 Rd8 30. hxg6 Bxb1 31. gxf7+ Kxf7 32. Rxb1 Qxc3+ 33.
Kf1 Rg8 34. Rh7+ Rg7 35. Rxg7+ Kxg7 36. Re1 Qf6 37. Qb7 b2 38. Qb3 Kg6 39. Qf3
Kg7 40. Qd3 Kf7 41. Qb1 Kg7 42. Kg2 a5 43. Kf1 Kf7 44. Re2 a4 45. Ke1 a3 46.
Qe4 a2 47. Qc4+ Kg7 48. Qxa2 f3 49. Qb1 Bb4+ 50. Kd1 Bd6 51. Re1 Qf7 52. Re3
Qg6 {Time forfeit} 0-1

[Event "Rated Blitz game"]
[Site "?"]
[Date "2021.02.14"]
[Round "?"]
[White "DJaeggi"]
[Black "Fantastic_power06"]
[Result "1/2-1/2"]
[WhiteElo "2515"]
[BlackElo "2676"]
[PlyCount "130"]
[EventDate "2021.??.??"]
[EventType "blitz"]

1. e4 e5 2. Nf3 d5 3. exd5 e4 4. Qe2 Nf6 5. d3 Qxd5 6. Nbd2 Nc6 7. Nxe4 Be6 8.
Bg5 Nxe4 9. dxe4 Qa5+ 10. c3 Bb4 11. Bd2 Be7 12. Qb5 O-O-O 13. Qxa5 Nxa5 14. b3
Rhe8 15. c4 Nc6 16. O-O-O f5 17. e5 Ba3+ 18. Kc2 f4 19. Bd3 Bg4 20. Bc3 Bc5 21.
Bxh7 Bxf2 22. Rxd8+ Rxd8 23. Rd1 Rh8 24. Be4 a6 25. h3 Bd7 26. e6 Bxe6 27. Bxg7
Rg8 28. Bf6 Nb4+ 29. Kb2 Rxg2 30. Rd2 Bxh3 31. Ng5 Bd4+ 32. Bxd4 Rxd2+ 33. Kc3
Rxd4 34. Kxd4 Bd7 35. a3 Nc6+ 36. Kd5 Na5 37. b4 Bc6+ 38. Kd4 Nb3+ 39. Kc3 Nc1
40. Kd2 Nb3+ 41. Kc3 f3 42. Bxf3 Nc1 43. Kd2 Na2 44. Bxc6 bxc6 45. Kc2 a5 46.
Kb2 Nxb4 47. axb4 axb4 48. Kb3 c5 49. Ne6 Kb7 50. Nxc5+ Kb6 51. Nd3 c5 52. Ne5
Kc7 53. Nd3 Kd6 54. Nb2 Ke5 55. Na4 Kd4 56. Nb6 Kd3 57. Na4 Kd4 58. Nb6 Ke4 59.
Na4 Ke5 60. Nb6 Kd6 61. Na4 Kc6 62. Nb2 Kc7 63. Nd3 Kd6 64. Nb2 Ke5 65. Na4 Kd4
{Normal} 1/2-1/2

[Event "Rated Blitz game"]
[Site "?"]
[Date "2021.02.14"]
[Round "?"]
[White "Anjalia_WGM"]
[Black "hardacre"]
[Result "0-1"]
[WhiteElo "2450"]
[BlackElo "2310"]
[PlyCount "90"]
[EventDate "2021.??.??"]
[EventType "blitz"]

1. e4 e5 2. Nf3 d5 3. exd5 e4 4. Qe2 f5 5. d3 Nf6 6. dxe4 fxe4 7. Nfd2 Qxd5 8.
Nc3 Qe5 9. Ndxe4 Nc6 10. Nxf6+ gxf6 11. Qxe5+ fxe5 12. Bb5 Bd7 13. Bd2 O-O-O
14. O-O-O Rg8 15. g3 Bc5 16. f4 Bg4 17. Rde1 Bf2 18. Ref1 Bd4 19. Be2 Bh3 20.
Rd1 Bg2 21. Rhe1 Bf2 22. Bc4 Bxe1 23. Rxe1 Rge8 24. f5 Nd4 25. f6 Nf3 26. f7
Rf8 27. Re2 Bf1 28. Rf2 Bxc4 29. Rxf3 Rxf7 30. Re3 Rf1+ 31. Be1 Re8 32. b3 Ba6
33. Kb2 b6 34. Ne4 Bb7 35. Ng5 h6 36. Ne4 Bxe4 37. Rxe4 Kd7 38. Bc3 Kd6 39. Rg4
Re6 40. a4 Rf2 41. h4 e4 42. Be1 Rf1 43. Bc3 e3 44. Rd4+ Kc6 45. Rc4+ Kb7 {
Normal} 0-1

[Event "Rated Blitz game"]
[Site "?"]
[Date "2021.02.14"]
[Round "?"]
[White "Frundsberg1"]
[Black "mariusz95"]
[Result "0-1"]
[WhiteElo "2334"]
[BlackElo "2400"]
[PlyCount "62"]
[EventDate "2021.??.??"]
[EventType "blitz"]

1. e4 e5 2. Nf3 d5 3. Nc3 d4 4. Ne2 Bd6 5. Ng3 c5 6. Bb5+ Bd7 7. Bxd7+ Nxd7 8.
d3 Ne7 9. O-O Qc7 10. Nh4 g6 11. Bh6 O-O-O 12. b4 c4 13. c3 dxc3 14. dxc4 Bxb4
15. Qb3 Ba5 16. Be3 Nc5 17. Bxc5 Qxc5 18. Rab1 Rd7 19. Nf3 f6 20. Ne2 Rc7 21.
Nxc3 Bxc3 22. Qxc3 Qxc4 23. Qa5 Nc6 24. Qa3 Qxe4 25. Rfc1 Rd8 26. h3 Qd3 27.
Qc5 e4 28. Ne1 Qd5 29. Qc3 f5 30. Nc2 Qd2 31. Qf6 Nd4 {Normal} 0-1

[Event "Rated Blitz game"]
[Site "?"]
[Date "2021.02.14"]
[Round "?"]
[White "Gryzlo"]
[Black "Fantastic_power06"]
[Result "1-0"]
[WhiteElo "2556"]
[BlackElo "2678"]
[PlyCount "79"]
[EventDate "2021.??.??"]
[EventType "blitz"]

1. e4 e5 2. Nf3 d5 3. Nxe5 Bd6 4. d4 dxe4 5. Nc4 Nc6 6. Nc3 Bf5 7. d5 Nce7 8.
Nxd6+ Qxd6 9. Bb5+ c6 10. dxc6 Qxd1+ 11. Nxd1 bxc6 12. Bc4 Nf6 13. Bg5 Nfd5 14.
Ne3 f6 15. Bh4 O-O 16. O-O-O Rfd8 17. Bg3 Be6 18. Bb3 Kf7 19. Nc4 Nf5 20. Rhe1
Nxg3 21. hxg3 f5 22. Ne5+ Kf6 23. Nxc6 Rd6 24. Nd4 Bf7 25. Nb5 Rd7 26. Bxd5
Bxd5 27. Rxd5 Rxd5 28. Nc7 Rad8 29. Nxd5+ Rxd5 30. Rd1 Ra5 31. a3 g5 32. Rd6+
Ke5 33. Rh6 f4 34. gxf4+ Kxf4 35. Rxh7 e3 36. Rf7+ Kg4 37. fxe3 Kg3 38. e4 Kxg2
39. Rf5 g4 40. Rxa5 {Normal} 1-0

[Event "Rated Rapid game"]
[Site "?"]
[Date "2021.02.14"]
[Round "?"]
[White "nick_nisperos"]
[Black "BloodForTheBloodGod0"]
[Result "0-1"]
[WhiteElo "2378"]
[BlackElo "2485"]
[PlyCount "52"]
[EventDate "2021.??.??"]
[EventType "rapid"]

1. e4 e5 2. Nf3 d5 3. d4 dxe4 4. Nxe5 Nd7 5. Nc4 Nb6 6. Nxb6 axb6 7. Be2 Nf6 8.
O-O Bb4 9. c3 Bd6 10. Bg5 Bf5 11. Nd2 h6 12. Bh4 g5 13. Bg3 Bf4 14. Nc4 Nd5 15.
Bg4 Bh7 16. Re1 O-O 17. Bxf4 gxf4 18. Ne5 Qg5 19. Bh3 f3 20. g3 Rad8 21. Qc1 f5
22. Bf1 f4 23. Bc4 e3 24. Nxf3 exf2+ 25. Kxf2 fxg3+ 26. hxg3 Qh5 {Normal} 0-1

[Event "Rated Blitz game"]
[Site "?"]
[Date "2021.02.14"]
[Round "?"]
[White "elchechereche"]
[Black "Jomajo"]
[Result "0-1"]
[WhiteElo "2469"]
[BlackElo "2602"]
[PlyCount "164"]
[EventDate "2021.??.??"]
[EventType "blitz"]

1. e4 e5 2. Nf3 d5 3. exd5 e4 4. Ne5 Qxd5 5. d4 exd3 6. Nxd3 Nf6 7. Nc3 Qa5 8.
Be2 Nc6 9. O-O Bd6 10. Re1 O-O 11. Bf4 Rd8 12. Bxd6 Rxd6 13. Qc1 Bf5 14. Qg5 h6
15. Qg3 Nd4 16. Bd1 Rad8 17. h3 Nxc2 18. Bxc2 Bxd3 19. Bb3 Qg5 20. Qxg5 hxg5
21. Re7 R6d7 22. Rae1 Bg6 23. g4 Kf8 24. R7e2 c6 25. a4 Nd5 26. Bxd5 cxd5 27.
Nb5 d4 28. Nxa7 d3 29. Rd2 Rd4 30. b3 Rb4 31. Rb1 Re8 32. Kf1 Re2 33. Rbb2 Rxd2
34. Rxd2 Rxb3 35. Nb5 Ke7 36. Nd4 Ra3 37. Nf5+ Bxf5 38. gxf5 Kf6 39. Rb2 Rxa4
40. Ke1 Re4+ 41. Kd1 Re2 42. Rxb7 Rxf2 43. Rd7 Rf3 44. Kd2 Rxh3 45. Rd5 g4 46.
Ke1 Rf3 47. Kd2 g3 48. Rd4 Kxf5 49. Rd7 Kg6 50. Rd4 f5 51. Rd6+ Kg5 52. Rd7 g6
53. Rd4 g2 54. Ra4 Rf1 55. Kc3 g1=Q 56. Kc4 Rc1+ 57. Kd5 d2 58. Ke6 d1=N 59.
Kf7 Ne3 60. Ra6 Nd5 61. Rxg6+ Kf4 62. Rxg1 Rxg1 63. Ke6 Ke4 64. Kd6 f4 65. Kc5
f3 66. Kc6 Ne3 67. Kb5 Kd4 68. Kb4 Rc1 69. Ka4 Rc2 70. Kb3 f2 71. Kb4 f1=B 72.
Ka4 Kc5 73. Ka5 Rb2 74. Ka4 Rb4+ 75. Ka3 Nc4+ 76. Ka2 Kd4 77. Ka1 Kc3 78. Ka2
Bd3 79. Ka1 Rb5 80. Ka2 Rb4 81. Ka1 Rb7 82. Ka2 Ra7# {Normal} 0-1

[Event "Rated Blitz game"]
[Site "?"]
[Date "2021.02.14"]
[Round "?"]
[White "elchechereche"]
[Black "Jomajo"]
[Result "0-1"]
[WhiteElo "2487"]
[BlackElo "2584"]
[PlyCount "49"]
[EventDate "2021.??.??"]
[EventType "blitz"]

1. e4 e5 2. Nf3 d5 3. Nxe5 Bd6 4. d4 dxe4 5. Nc4 Nf6 6. Nxd6+ Qxd6 7. Nc3 Nc6
8. d5 Ne7 9. Bc4 O-O 10. O-O Ng4 11. g3 Ne5 12. Bb3 Nf3+ 13. Kg2 Bg4 14. Nxe4
Qg6 15. Qd3 Ne5 16. Qe3 Bf3+ 17. Kg1 Nf5 18. Qf4 Nd4 19. Nc3 Bg4 20. Be3 Ndf3+
21. Kh1 Qh5 22. h4 Ng6 23. Qxc7 Ngxh4 24. gxh4 Qxh4+ 25. Kg2 {Normal} 0-1

[Event "Rated Blitz game"]
[Site "?"]
[Date "2021.02.14"]
[Round "?"]
[White "persian_golff"]
[Black "Chesspirate_Channel"]
[Result "0-1"]
[WhiteElo "2422"]
[BlackElo "2387"]
[PlyCount "36"]
[EventDate "2021.??.??"]
[EventType "blitz"]

1. e4 e5 2. Nf3 d5 3. Nc3 dxe4 4. Nxe4 f5 5. Nxe5 fxe4 6. Qh5+ g6 7. Nxg6 Nf6
8. Qh4 Rg8 9. Nxf8 Rxf8 10. d3 Bf5 11. Bg5 Nbd7 12. dxe4 Qe7 13. f3 O-O-O 14.
O-O-O Be6 15. Be2 Bxa2 16. Bb5 Qc5 17. Bxd7+ Rxd7 18. Bxf6 Qe3+ {Normal} 0-1

[Event "Rated Blitz game"]
[Site "?"]
[Date "2021.02.14"]
[Round "?"]
[White "T000sassa"]
[Black "ferricerve"]
[Result "0-1"]
[WhiteElo "2557"]
[BlackElo "2492"]
[PlyCount "64"]
[EventDate "2021.??.??"]
[EventType "blitz"]

1. e4 e5 2. Nf3 d5 3. d4 dxe4 4. Nxe5 Bd6 5. Nc4 Nf6 6. Bg5 Be7 7. Nc3 Bf5 8.
Ne3 Bg6 9. Qd2 O-O 10. O-O-O h6 11. Bh4 c6 12. g4 b5 13. Bg2 b4 14. Ne2 a5 15.
Ng3 a4 16. Ngf5 b3 17. cxb3 axb3 18. a3 Nbd7 19. Kb1 Re8 20. Nxe7+ Qxe7 21. Rc1
c5 22. dxc5 Nxc5 23. Bxf6 gxf6 24. Nf5 Bxf5 25. gxf5 Kh7 26. Rc4 Ra4 27. Rhc1
Rxc4 28. Rxc4 Qe5 29. Qc3 Nd3 30. Qxe5 Rxe5 31. Rc3 Nxf2 32. Rxb3 e3 {Time
forfeit} 0-1

[Event "Rated Blitz game"]
[Site "?"]
[Date "2021.02.14"]
[Round "?"]
[White "kingpower2005189"]
[Black "jeruchess"]
[Result "0-1"]
[WhiteElo "2407"]
[BlackElo "2332"]
[PlyCount "72"]
[EventDate "2021.??.??"]
[EventType "blitz"]

1. e4 e5 2. Nf3 d5 3. Nxe5 Bd6 4. d4 dxe4 5. Nc4 Nf6 6. Nc3 O-O 7. Be2 Nc6 8.
Be3 Re8 9. O-O Bf5 10. a4 h6 11. d5 Ne5 12. Nxe5 Bxe5 13. Qd2 a6 14. Rad1 Bh7
15. f4 exf3 16. Bxf3 Qd6 17. h3 Bh2+ 18. Kh1 Bg3 19. Bd4 Nd7 20. Ne2 Bh4 21.
Bg4 Ne5 22. Bxe5 Rxe5 23. c4 Rae8 24. Nd4 Re3 25. Nf3 Bg3 26. Nd4 Rd3 27. Qc1
Rxd1 28. Rxd1 Bf4 29. Qc3 Be3 30. Nf3 Qg3 31. Qe1 Qf4 32. Qh4 Be4 33. Rf1 Bxf3
34. Rxf3 Qd4 35. Rg3 Bf4 36. Rf3 Qd1+ {Normal} 0-1

[Event "Rated Rapid game"]
[Site "?"]
[Date "2021.02.14"]
[Round "?"]
[White "gargantum"]
[Black "BloodForTheBloodGod0"]
[Result "0-1"]
[WhiteElo "2303"]
[BlackElo "2467"]
[PlyCount "44"]
[EventDate "2021.??.??"]
[EventType "rapid"]

1. e4 e5 2. Nf3 d5 3. exd5 e4 4. Qe2 Be7 5. Qxe4 Nf6 6. Qa4+ c6 7. dxc6 O-O 8.
Bb5 Nxc6 9. Bxc6 bxc6 10. O-O c5 11. d3 Bd7 12. Qf4 Re8 13. Nc3 Rb8 14. b3 Nh5
15. Qd2 Bf6 16. Bb2 Bg4 17. Rfe1 Bxf3 18. gxf3 Be5 19. Na4 Bxh2+ 20. Kxh2 Qh4+
21. Kg2 Nf4+ 22. Kg1 Qg5+ {Normal} 0-1